| 000 | 00712 a2200241 4500 | ||
|---|---|---|---|
| 003 | CBULib | ||
| 005 | 20240119083418.0 | ||
| 008 | 240119b |||||||| |||| 00| 0 eng d | ||
| 020 | _a9781906316464 | ||
| 040 |
_bEnglish _cCBULib _erda |
||
| 041 | _aeng | ||
| 050 | _aBF 204.6 Hal | ||
| 100 | _aHalal, Arti | ||
| 245 |
_aPositivity : how to be more positive, enjoy life and get results _c/ by Arti Halai |
||
| 260 |
_bHotHive Books, _c2009 _aEvesham : |
||
| 300 | _a155 pages : illustrations | ||
| 336 |
_2rdacontent _aText | _btxt |
||
| 337 |
_2rdamedia _aUnmediated | _bn |
||
| 338 |
_2rdacarrier _aVolume _bnc |
||
| 650 | 0 |
_91819 _aSELF-CULTURE |
|
| 650 | 0 |
_91821 _aPOSITIVE PSYCHOLOGY |
|
| 942 |
_2lcc _c002 |
||
| 999 |
_c83972 _d83972 |
||